| 000 | 01812nac a22002651u 4500 | ||
|---|---|---|---|
| 008 | 101027t xxu||||| |||| 00| 0 eng d | ||
| 010 | _a 2005022472 | ||
| 020 | _a0275988171 (hardcover : alk. paper) | ||
| 020 | _a9780275988173hardcover : alk. paper) | ||
| 082 | 0 | 0 |
_a327.73056 _bRUG |
| 100 |
_aRugh, William A. _920661 |
||
| 245 | 1 | 0 |
_aAmerican Encounters with Arabs : _bThe "Soft Power" of U.S. Public Diplomacy in the Middle East / _cWilliam A. Rugh. |
| 260 |
_aWestport, Conn. : _bPraeger Security International,2006 _c2006. |
||
| 300 |
_axvii, 220 p. ; _c25 cm. |
||
| 504 | _aIncludes bibliographical references (p. [213]-214) and index. | ||
| 505 | 0 | _aPublic diplomacy resources and instruments -- Beginnings in the Arab world 1940s-1953 -- President Eisenhower and USIA 1953-1961 -- The Kennedy and Johnson presidencies 1961-1969 -- The Nixon and Ford presidencies 1969-1977 -- The Carter presidency 1977-1981 -- The Reagan era 1981-1989 -- The presidency of George H.W. Bush 1989-1993 -- The Clinton era 1993-2001 -- President George W. Bush's first two years 2001-2003 -- The Bush presidency and Iraq -- Democratic reform and other issues. | |
| 650 | 0 |
_aArabs _xPublic opinion. _920662 |
|
| 650 | 0 |
_aCivilization, Arab _xStudy and teaching _zUnited States. _920663 |
|
| 651 | 0 |
_aArab countries _xForeign relations _zUnited States. _920664 |
|
| 651 | 0 |
_aUnited States _xForeign relations _zArab countries. _920665 |
|
| 651 | 0 |
_aUnited States _xForeign public opinion, Arab. _920666 |
|
| 856 | 4 | 1 |
_3Table of contents _uhttp://www.loc.gov/catdir/toc/ecip0517/2005022472.html |
| 942 |
_cBB _k327.73056 RUG _2ddc |
||
| 999 |
_c2771 _d2771 |
||